| 000 | 01362nab a2200253 i 4500 | ||
|---|---|---|---|
| 001 | 768714001 | ||
| 003 | CO-MdFUSB | ||
| 005 | 20240726101128.0 | ||
| 008 | 240726t1990 enk||||| |||| 00| 0 eng d | ||
| 040 |
_bspa _cCO-MdFUSB _dCO-MdFUSB |
||
| 041 | _aeng | ||
| 100 |
_aElizondo, Virgil, _eautor |
||
| 245 | 4 |
_aThe new humanity of the Americas _c/ Virgil Elizondo |
|
| 520 | _aNo es necesario tener una historia continua, sino más bien una pausa: la separación de la madre Europa y la civilización occidental. Ahora es el momento de proclamar la liberación. Con la llegada de los íberos a América, marcó el inicio de una nueva raza americana: ¡los mestizos!. Nació un nuevo grupo genético y cultural. Se necesitarían siglos para desarrollarse. La mayor riqueza por descubrir es el rico patrimonio genético (cultural, religioso y biológico) que constituye las Américas. | ||
| 546 | _aTexto en inglés. | ||
| 650 | 7 |
_aAntropología cultural y social _96714 |
|
| 650 | 7 |
_aHistoria _97022 |
|
| 650 | 7 |
_aEtnocentrismo _9442 |
|
| 650 | 0 |
_aEvangelización _9362 |
|
| 653 | _aColonización América | ||
| 773 | 0 |
_070507 _982843 _dLondres : Board, 1966. _oR2695 _tConcilium : _w(CO-MdFUSB)768714001 _x0010-5236 _gNúmero 6, (diciembre, 1990), páginas: 141 - 147 _qpágina: 141 |
|
| 942 | _cANA | ||
| 945 | _aCatherine Arias Álvarez - Practicante SENA | ||
| 999 |
_c70585 _d70585 |
||